Pune : The City Of Life (Record no. 370649)
[ view plain ]
| 000 -LEADER | |
|---|---|
| fixed length control field | 00521nam a22001697a 4500 |
| 005 - DATE AND TIME OF LATEST TRANSACTION | |
| control field | 20260310123302.0 |
| 008 - FIXED-LENGTH DATA ELEMENTS--GENERAL INFORMATION | |
| fixed length control field | 260310b |||||||| |||| 00| 0 eng d |
| 041 ## - LANGUAGE CODE | |
| Language code of text/sound track or separate title | Mar. |
| 082 ## - DEWEY DECIMAL CLASSIFICATION NUMBER | |
| Classification number | 720.93 |
| Item number | PMC |
| 100 ## - MAIN ENTRY--PERSONAL NAME | |
| Author | Pune Municipal Corporation |
| 245 ## - TITLE STATEMENT | |
| Title | Pune : The City Of Life |
| 260 ## - PUBLICATION, DISTRIBUTION, ETC. | |
| Place of publication, distribution, etc. | Pune |
| Name of publisher, distributor, etc. | Pune Municipal Corporation |
| Date of publication, distribution, etc. | 2015 |
| 300 ## - PHYSICAL DESCRIPTION | |
| Extent | 208p |
| Other physical details | HB |
| Dimensions | 28.5 x 25.5 cm |
| 365 ## - TRADE PRICE | |
| Price type code | INR |
| Price amount | 1.00 |
| Currency code | Rupaye |
| 500 ## - GENERAL NOTE | |
| Keywords | 1) Heritage <br/>2) Inspiration <br/>3) Beacons of Light<br/>4) Evolution <br/>5) Verve |
| 942 ## - ADDED ENTRY ELEMENTS (KOHA) | |
| Koha item type | Donated Book |
| Withdrawn status | Lost status | Source of classification or shelving scheme | Damaged status | Not for loan | Home library | Current library | Date acquired | Vendor | Budget Code | Net Price | Bill number | Total Checkouts | Full call number | Barcode | Date last seen | Actual Price | Bill Date | Koha item type |
|---|---|---|---|---|---|---|---|---|---|---|---|---|---|---|---|---|---|---|
| Dewey Decimal Classification | Dr. Bhanuben Nanavati College of Architecture | Dr. Bhanuben Nanavati College of Architecture | 10/03/2026 | Donated Books | B.Arch. | 1.00 | 00 | 720.93 PMC | BNCA-DB-2044 | 10/03/2026 | 1.00 | 10/03/2026 | Donated Book |